Southville International School and Colleges
Your cart is empty.
  • Cart
  • Lists
    Public lists Eva Luna New books Lux_list list_1
    Your lists Log in to create your own lists
  • Log in to your account
  • Your cookies
  • Search history
Southville International School and Colleges
  • Advanced search
  • Recent comments
  • Most popular
  • Libraries

Log in to your account

Log in with GOOGLE


If you do not have an external account, but do have a local account, you can still log in:

  1. Home
  2. MARC view: Barron's AP statistics /
Normal view MARC view ISBD view

Barron's AP statistics / (Record no. 339984)

[ view plain ]
MARC details
000 -LEADER
fixed length control field 00908nam a2200325Ia 4500
008 - FIXED-LENGTH DATA ELEMENTS--GENERAL INFORMATION
fixed length control field 170711s9999 xx 000 0 und d
020 ## - INTERNATIONAL STANDARD BOOK NUMBER
International Standard Book Number 9780764136832
050 ## - LIBRARY OF CONGRESS CALL NUMBER
Classification number 519.5
050 ## - LIBRARY OF CONGRESS CALL NUMBER
Item number S839 2006
100 ## - MAIN ENTRY--PERSONAL NAME
Personal name Sternstein, Martin
245 ## - TITLE STATEMENT
Title Barron's AP statistics /
245 ## - TITLE STATEMENT
Statement of responsibility, etc Martin Sternstein.
250 ## - EDITION STATEMENT
Edition statement Fourth edition.
260 ## - PUBLICATION, DISTRIBUTION, ETC. (IMPRINT)
Place of publication, distribution, etc New York :
260 ## - PUBLICATION, DISTRIBUTION, ETC. (IMPRINT)
Name of publisher, distributor, etc Barron's,
260 ## - PUBLICATION, DISTRIBUTION, ETC. (IMPRINT)
Date of publication, distribution, etc 2007
300 ## - PHYSICAL DESCRIPTION
Extent viii, 600 pages :
300 ## - PHYSICAL DESCRIPTION
Other physical details black and white ;
300 ## - PHYSICAL DESCRIPTION
Dimensions 28cm.
440 ## - SERIES STATEMENT/ADDED ENTRY--TITLE
Title Barron's : the leader in test preparation.
500 ## - GENERAL NOTE
General note Includes index.
650 ## - SUBJECT ADDED ENTRY--TOPICAL TERM
Topical term or geographic name as entry element Advanced placement programs (Education) --
650 ## - SUBJECT ADDED ENTRY--TOPICAL TERM
Topical term or geographic name as entry element College entance achievement test --
650 ## - SUBJECT ADDED ENTRY--TOPICAL TERM
Topical term or geographic name as entry element Mathematical statistics --
650 ## - SUBJECT ADDED ENTRY--TOPICAL TERM
General subdivision Examinations, questions, etc.
650 ## - SUBJECT ADDED ENTRY--TOPICAL TERM
General subdivision Examinations.
650 ## - SUBJECT ADDED ENTRY--TOPICAL TERM
General subdivision Study guides.
700 ## - ADDED ENTRY--PERSONAL NAME
Personal name Title : AP Statistics.
700 ## - ADDED ENTRY--PERSONAL NAME
Personal name Title.
Holdings
Withdrawn status Lost status Source of classification or shelving scheme Damaged status Home library Current library Shelving location Date acquired Source of acquisition Sub Shelving location Total Checkouts Full call number Barcode Date last seen Price effective from Koha item type
    Library of Congress Classification   Southville International School Affiliated with Foreign Universities Library Southville International School Affiliated with Foreign Universities Library Southville Foreign University Section 06/08/2020 Donation     QA 276.2 .S74 2007 SFU0593 06/08/2020 06/08/2020 Books

Barron's AP statistics /

APA

Sternstein M., Title : AP Statistics & Title.Barron's AP statistics. New York: .

Chicago

Sternstein Martin, Title : AP Statistics and Title.Barron's AP statistics. New York: .

Harvard

Sternstein M., Title : AP Statistics and Title.Barron's AP statistics. New York: .

MLA

Sternstein Martin, Title : AP Statistics and Title.New York: . .

  • Place hold
  • Print
  • Cite
  • Add to your cart (remove)
  • Save record
    BIBTEX Dublin Core MARCXML MARC (non-Unicode/MARC-8) MARC (Unicode/UTF-8) MARC (Unicode/UTF-8, Standard) MODS (XML) RIS
  • More searches
    Search for this title in:
    Other Libraries (WorldCat) Other Databases (Google Scholar) Online Stores (Bookfinder.com) Open Library (openlibrary.org)

Exporting to Dublin Core...

SOUTHVILLE LIBRARY

Southville International School and Colleges Library

1281 Tropical Ave. Cor. Luxembourg St., BF Homes International, Las Pinas City

Tel. No. 8256374 / 252358 Loc. 117/146

Powered by Koha